000 00971nam a22002897i 4500
003 EG-GICUC
005 20260429162221.0
008 260429s1978 fr ||||fr|||| 00| 0 fre d
040 _aEG-GiCUC
_bfre
_cEG-GiCUC
_dEG-GiCUC
_eRda
041 _afre
_hfre
082 0 4 _221
_a343.3721
_bDA . R
092 0 4 _221
099 _aLaw 10 343.3721 DA . R 1978
100 1 _aDablanc, Christian
_eAuteur
245 1 0 _aRapport présenté à Monsieur le Garde des Sceaux, Ministre de la Justice /
_cPar Christian Dablanc.
264 1 _aParis;
_bMinistère de la Justice,
_c1978.
300 _a282 page :
_billustration ;
_c 24 cm.
336 _2rda contenu
_a texte
337 _2rda medias
_aOrdinateur
338 _2 transporteur rda
_a Ressource en ligne
504 _aBibliography: pages 200-250. 240-220
650 1 _aDroit pénal
_2qrmak
651 1 _2qrmak
856 4 0 _uhttps://fll.law.cu.edu.eg/fulltext/bks/B10-00967.pdf
905 _a31
942 _2ddc
_cBK
_e21
_n0
999 _c74276
_d74276